000 00997cam a22001934a 4500
005 20250605163504.0
008 250528s ||||||||||||||||||||||||d
035 _a20358
020 _a103519
040 _aGR-AtMCL
_bgre
_dGR-AtMCL
_eAACR2
245 1 _aCommunication Arts
260 _bCoyne & Blanchard, Inc,
_c1999
300 _a204
505 0 _aFeatures, The Colorado International Invitational Poster Exhibition, Lee Crum, Ogilvy and Mather and Big Blue, Pioneers, Exhibit, Technology Feature, Technology Reviews, Colums, Freelance, Trendwatch, Legal Affairs, Advertising, Departments, Contributors, Book Reviews, Directory.
520 _aFeatures, The Colorado International Invitational Poster Exhibition, Lee Crum, Ogilvy and Mather and Big Blue, Pioneers, Exhibit, Technology Feature, Technology Reviews, Colums, Freelance, Trendwatch, Legal Affairs, Advertising, Departments, Contributors, Book Reviews, Directory.
942 _cBK
999 _c5478
_d5478